Statistics for Apple Mac OS X Codenames

Click here to take the quiz!

General Stats

  • This quiz has been taken 7,825 times
    (2,699 since last reset)
  • The average score is 10 of 20

Answer Stats

VersionHintCodename% Correct
10.7Big catLion
92%
10.4Big catTiger
90%
10.5Big catLeopard
76%
10.10National parkYosemite
72%
10.2Big catJaguar
71%
10.0Big catCheetah
67%
10.3Big catPanther
67%
10.1Big catPuma
65%
10.14DesertMojave
53%
10.12Mountain rangeSierra
53%
10.6Big catSnow Leopard
46%
10.8Big catMountain Lion
44%
11.0CityBig Sur
43%
10.15IslandCatalina
36%
10.11Rock faceEl Capitan
36%
12.0CityMonterey
29%
14.0CountySonoma
28%
13.0CountyVentura
23%
10.13RegionHigh Sierra
21%
10.9Surf locationMavericks
20%

Score Distribution

Percentile by Number Answered

Percent of People with Each Score

Your Score History

You have not taken this quiz since the last reset